<?xml version="1.0" encoding="UTF-8"?>
<record
    xmlns:xsi="http://www.w3.org/2001/XMLSchema-instance"
    xsi:schemaLocation="http://www.loc.gov/MARC21/slim http://www.loc.gov/standards/marcxml/schema/MARC21slim.xsd"
    xmlns="http://www.loc.gov/MARC21/slim">

  <leader>01793nam a22002657a 4500</leader>
  <controlfield tag="008">171115s2002        sp||||| |||| 00| 0 spa d</controlfield>
  <datafield tag="020" ind1=" " ind2=" ">
    <subfield code="a">849547154X</subfield>
  </datafield>
  <datafield tag="082" ind1="0" ind2="4">
    <subfield code="a">708</subfield>
    <subfield code="b">B443e</subfield>
  </datafield>
  <datafield tag="100" ind1="1" ind2=" ">
    <subfield code="a">Olmo, Santiago B.</subfield>
    <subfield code="9">4483</subfield>
  </datafield>
  <datafield tag="245" ind1="1" ind2="0">
    <subfield code="a">Entre l&#xED;neas /</subfield>
    <subfield code="c">curadur&#xED;a por Santiago B. Olmo y Virginia P&#xE9;rez-Ratton ; Caja Madrid Obra Social.</subfield>
  </datafield>
  <datafield tag="250" ind1=" " ind2=" ">
    <subfield code="a">1a edici&#xF3;n.</subfield>
  </datafield>
  <datafield tag="260" ind1=" " ind2=" ">
    <subfield code="a">Madrid, Espa&#xF1;a :</subfield>
    <subfield code="b">La Casa Encendida,</subfield>
    <subfield code="c">2002.</subfield>
  </datafield>
  <datafield tag="300" ind1=" " ind2=" ">
    <subfield code="a">192 p&#xE1;ginas :</subfield>
    <subfield code="b">ilustraciones en color.</subfield>
  </datafield>
  <datafield tag="500" ind1=" " ind2=" ">
    <subfield code="a">Cat&#xE1;logo publicado con motivo a la exposici&#xF3;n "Entre L&#xED;neas", presentada del 10 de octubre de 2002 al 5 de enero de 2003, en La Casa Encendida.</subfield>
  </datafield>
  <datafield tag="500" ind1=" " ind2=" ">
    <subfield code="a">Artistas: Patricia Belli, Pablo Cardoso, Sandra Cinto, M&#xF3;nica Gir&#xF3;n, Deferico Guzm&#xE1;n, Javier Longobardo, Teresa Margolles, &#xD3;scar Mu&#xF1;oz, Nazareth Pacheco, Jos&#xE9; A. Restrepo, Dhara Rivera, Elena del Rivero, Joaqu&#xED;n Rodr&#xED;guez del Paso, Ana Tiscornia, Baltazar Torres y Guillermo Tovar.</subfield>
  </datafield>
  <datafield tag="505" ind1="0" ind2=" ">
    <subfield code="t">Entre l&#xED;neas...aproximaciones a una exposici&#xF3;n</subfield>
    <subfield code="r">Santiago B. Olmo y Virginia P&#xE9;rez-Ratton.</subfield>
    <subfield code="t">Desde la intimidad y m&#xE1;s all&#xE1;, pol&#xED;ticas a partis de las vidas y el arte de las mujeres</subfield>
    <subfield code="r">Rosina Cazali.</subfield>
    <subfield code="t">Ausencia/Evidencia</subfield>
    <subfield code="r">Jos&#xE9; Ignacio Roca.</subfield>
    <subfield code="t">Iconom&#xED;a (apuntes)</subfield>
    <subfield code="r">Jos&#xE9; Alejandro Restrepo.</subfield>
    <subfield code="t">Zonas de tolerancia: Teresa Margolles, SEMEFO y m&#xE1;s all&#xE1;</subfield>
    <subfield code="r">Cuauht&#xE9;moc Medina</subfield>
    <subfield code="t">&#xBF;Qui&#xE9;n dijiste que eras hoy?</subfield>
    <subfield code="r">Jensa Hoffmann.</subfield>
    <subfield code="t">Culturas h&#xED;bridas: extractos de una entrevista</subfield>
    <subfield code="r">Hans Ulrich Obrist entrevista a N&#xE9;stor Garc&#xED;a Canclini.</subfield>
    <subfield code="t">Ana Tiscornia.</subfield>
  </datafield>
  <datafield tag="653" ind1="1" ind2="0">
    <subfield code="a">Arte contempor&#xE1;neo</subfield>
  </datafield>
  <datafield tag="653" ind1="1" ind2="0">
    <subfield code="a">Cat&#xE1;logo de exhibici&#xF3;n</subfield>
  </datafield>
  <datafield tag="653" ind1="1" ind2="0">
    <subfield code="a">Exhibiciones</subfield>
  </datafield>
  <datafield tag="653" ind1="1" ind2="0">
    <subfield code="a">Artistas latioamericanos</subfield>
  </datafield>
  <datafield tag="653" ind1="1" ind2="0">
    <subfield code="a">Artes pl&#xE1;sticas</subfield>
  </datafield>
  <datafield tag="653" ind1="1" ind2="0">
    <subfield code="a">Arte - Espa&#xF1;a</subfield>
  </datafield>
  <datafield tag="653" ind1="1" ind2="0">
    <subfield code="a">Artes visuales</subfield>
  </datafield>
  <datafield tag="700" ind1="1" ind2=" ">
    <subfield code="a">P&#xE9;rez-Ratton, Virginia.</subfield>
    <subfield code="e">curadora.</subfield>
    <subfield code="9">580</subfield>
  </datafield>
  <datafield tag="999" ind1=" " ind2=" ">
    <subfield code="c">1362</subfield>
    <subfield code="d">1362</subfield>
  </datafield>
  <datafield tag="952" ind1=" " ind2=" ">
    <subfield code="0">0</subfield>
    <subfield code="1">0</subfield>
    <subfield code="2">ddc</subfield>
    <subfield code="4">0</subfield>
    <subfield code="7">0</subfield>
    <subfield code="a">LV</subfield>
    <subfield code="b">LV</subfield>
    <subfield code="c">Colectivas</subfield>
    <subfield code="d">2017-11-15</subfield>
    <subfield code="l">0</subfield>
    <subfield code="o">708 O512e</subfield>
    <subfield code="p">001395</subfield>
    <subfield code="r">2017-11-15 00:00:00</subfield>
    <subfield code="w">2017-11-15</subfield>
    <subfield code="y">01</subfield>
  </datafield>
</record>
